Quadros históricos de Mato Grosso : (Record no. 1323)

MARC details
000 -LÍDER
Campo Fixo de Controle 00796nam a2200229 a 4500
001 - NÚMERO DE CONTROLE
Campo de Controle 1323
003 - IDENTIFICAÇÃO DO NÚMERO DE CONTROLE
Campo de Controle BR-CuiBMT
005 - DATA E HORA DA ÚLTIMA ATUALIZAÇÃO
Campo de Controle 20231206175517.0
008 - DADOS FIXOS
Dados Fixos 231205s2002 mtb 001 0 por d
040 ## - AGÊNCIA CATALOGADORA
Código da Agência Catalogadora BR-CuiBMT
Agência que transcreveu o registro BR-CuiBMT
080 ## - Nº DA CLASSIFICAÇÃO DECIMAL UNIVERSAL
Nº Class. CDU 94
Subd. Auxiliar Comum (817.2).05/.06
Nº edição CDU 2007
090 ## - NÚMERO DE CHAMADA
Nº classificação 94(817.2).05/.06
Cutter S586q
100 1# - ENTRADA PRINCIPAL -- AUTOR PESSOAL
Nome pessoal Silva, Paulo Pitaluga Costa e
245 10 - TÍTULO PRINCIPAL
Título principal Quadros históricos de Mato Grosso :
Subtítulo período provincial /
Indicação de responsabilidade Paulo Pitaluga Costa e Silva, Moacyr Freitas.
260 ## - PUBLICAÇÃO, DISTRIBUIÇÃO, ETC.
Local de publicação Cuiabá :
Editora Buriti,
Data 2002.
300 ## - DESCRIÇÃO FÍSICA
N. páginas ou volumes 75 p. :
Ilustrações il., color. ;
Dimensões 22x29 cm
504 ## - NOTA DE BIBLIOGRAFIA, ETC.
Nota de bibliografia Inclui bibliografia e índice.
650 ## - ASSUNTO TÓPICO
Cabeçalho tópico ou nome geográfico Quadros históricos
Subdivisão cronológica Período provincial
Subdivisão geográfica Mato Grosso
651 ## - ASSUNTO -- NOME GEOGRÁFICO
Nome geográfico Mato Grosso
Subdivisão geral História
Subdivisão cronológica Período provincial
700 1# - ENTRADA SECUNDÁRIA -- NOME PESSOAL
Nome pessoal Freitas, Moacyr,
Datas associadas ao nome 1930-
942 ## - ELEMENTOS DE ENTRADA ADICIONAIS (KOHA)
Fonte de classificação ou esquema de arquivamento Classificação Decimal Universal
Tipo de item do Koha Livros
Holdings
Estado: removido Estado: perdido Fonte de classificação ou esquema de arquivamento Estado: danificado Indisponível para empréstimo Localização permanente Localização atual Data de aquisição Total Checkouts Número de Chamada completo Código de barras Date last seen Número do exemplar Preço efetivo a partir de Tipo de item (Koha)
    Classificação Decimal Universal     Biblioteca da Escola Superior de Contas do TCE/MT Biblioteca da Escola Superior de Contas do TCE/MT 05/12/2023   94(817.2).05/.06 S586q BIBTCEMT23120166 05/12/2023 Ex. 1 05/12/2023 Livros
    Classificação Decimal Universal     Biblioteca da Escola Superior de Contas do TCE/MT Biblioteca da Escola Superior de Contas do TCE/MT 05/12/2023   94(817.2).05/.06 S586q BIBTCEMT23120632 15/12/2023 Ex. 2 05/12/2023 Livros
    Classificação Decimal Universal     Biblioteca da Escola Superior de Contas do TCE/MT Biblioteca da Escola Superior de Contas do TCE/MT 05/12/2023   94(817.2).05/.06 S586q BIBTCEMT23120633 15/12/2023 Ex. 3 05/12/2023 Livros
    Classificação Decimal Universal     Biblioteca da Escola Superior de Contas do TCE/MT Biblioteca da Escola Superior de Contas do TCE/MT 05/12/2023   94(817.2).05/.06 S586q BIBTCEMT23120634 15/12/2023 Ex. 4 05/12/2023 Livros

Powered by Koha